000 01246cam a22003614a 4500
002 29072
005 20230410143451.0
008 050830s2006 nyub b 001 0 eng
035 _a14091885
925 0 _aacquire
_b1 shelf copy
_xpolicy default
942 _2lcc
_cbk
010 _a 2005024859
020 _a0321364805 (pbk. : alk. paper)
035 _a(OCoLC)ocm61458205
040 _aDLC
_cDLC
_dYDX
_dBAKER
_dDLC
042 _apcc
001 14aGN 496bT177u 2006
082 0 0 _a305.8
_222
100 1 _aTaras, Raymond C.,
_d1946-
245 1 0 _aUnderstanding ethnic conflict :
_bthe international dimension /
_cRay Taras, Rajat Ganguly.
250 _a3rd ed.
260 _aNew York :
_bLongman,
_cc2006.
300 _axvi, 319 p. :
_bmaps ;
_c24 cm.
504 _aIncludes bibliographical references (p. 276-283) and index.
650 0 _aEthnic conflict
_xPolitical aspects.
650 0 _aEthnic conflict
_xInternational cooperation.
650 0 _aWorld politics.
650 0 _aNationalism.
650 0 _aConflict management
_xPolitical aspects.
650 0 _aConflict management
_xInternational cooperation.
700 1 _aGanguly, Rajat.
856 4 1 _3Table of contents
_uhttp://www.loc.gov/catdir/toc/ecip0518/2005024859.html
999 _c102251
_d102251